00723nam a2200181 a 450000100060000000300090000600800410001502000150005604000280007108200190009910000170011824500600013526000250019530000100022050502030023065000490043365000590048222930CO-ViMGA141112s2004 ck r 000 u spa d a9706861920 aCO-ViMGAbspacCO-ViMGA04a515.2433 P457i1 aPinsky, Mark10aIntroducciòn al anàlisis de fourier y las ondoletas aMéxico : bThomson a376P. aSeries de fourier sobre el circulo, Transformadas de fourier sobre la recta y el espacio, Analisis de fourier en los espacios, Formularios a la teoria de probabilidades, Introduccion a las anedoctas14aANALISIS DE FOURIER - PROBLEMAS, EJERCICIOS 14aTRANSFORMACIONES DE FOURIVER - PROBLEMAS , EJERCICIOS